000 00847nam a2200217 a 4500
008 120416s2005 ||||||||||||||||| || u
020 _a0821363123
050 _aIBRD(06)DD/2005/5
100 _aKurey, Bryan
245 1 0 _aLocal organizations in decentralized development: their functions and performance in India
_cRuth alsop and Bryan Kurey
260 _aWashington, D.C.:
_bWorld Bank
_c2005
300 _axii, 167p.: ill.
350 _a0.00
490 _aDirections in development
650 _aDECENTRALIZATION IN GOVERNMENT--INDIA
650 _aDECENTRALIZATION IN MANAGEMENT--INDIA--CASE STUDIES
650 _aORGANISATIONS--INDIA
700 _aAlsop, Ruth
710 _aWorld Bank
995 _D0.00
_FCBU-MAIN LIBRARY (Kitwe)
_H1
_I0.00
_M1
_UAVAILABLE
_ZInternational Publications
999 _c49450
_d49450